| 000 | 01431cab a2200217 4500 | ||
|---|---|---|---|
| 001 | ##L135476 | ||
| 008 | 061030n2006 000 0 eng u | ||
| 035 | _a(Sirsi) u135476 | ||
| 041 | 0 | _aeng | |
| 100 | 1 | _aHolmans, Alan | |
| 245 | 0 | 0 |
_aMore households to be housed _bwhere is the increase in households coming from? |
| 260 | _c2006 | ||
| 490 | 0 |
_aTown & Country Planning _v75(10) October 2006, (8) |
|
| 490 | 0 |
_aTown and Country Planning Tomorrow Series _v5 October 2006 |
|
| 520 | _aGovernment produced updated household projections earlier in 2006. The headline figure is the 213 000 additional households per year for the 20-year period 2001-2021. This paper looks in detail at the different elements causing the increases in the number of households, how the projected growth compares with earlier evidence, and the factors which might cause them to change. Covers the government projections, what has changed, the increase in households arising from population growth and change, the summary analysis of the increase in households due to population growth and change, the regional analysis of sources of the projected increase in households, and the implications of the new household projections for housing policy. Tables. References. | ||
| 590 | _aIKA311006 | ||
| 651 | 0 |
_aEngland _y886- |
|
| 690 | _aPROPERTY-RESIDENTIAL PROPERTY-RESIDENTIAL PROPERTY DEVELOPMENT | ||
| 700 | 1 | _aWhitehead, Christine | |
| 942 | _n0 | ||
| 999 |
_c77905 _d77905 |
||